Nalaganje...
Sri Aurobindo
| Glavni avtor: | |
|---|---|
| Format: | Printed Book |
| Izdano: |
Pondichery;
Sri Aurobindo Asramam;
1948
|
| Izdaja: | ist |
| Teme: |
| LEADER | 00478nam a22001457a 4500 | ||
|---|---|---|---|
| 082 | |a 181.145 |b KAP/S | ||
| 100 | |a Kapali Sasthri T V |9 311796 | ||
| 245 | |a Sri Aurobindo | ||
| 250 | |a ist | ||
| 260 | |a Pondichery; |b Sri Aurobindo Asramam; |c 1948 | ||
| 300 | |a 165 | ||
| 650 | |a English; Aurobindo |9 311139 | ||
| 942 | |c BK | ||
| 999 | |c 76194 |d 76194 | ||
| 952 | |0 0 |1 0 |4 0 |6 181_145000000000000_KAP_S |7 0 |8 Arabindo |9 89480 |a MAL |b MAL |d 2017-04-01 |e 1283 |l 0 |o 181.145 KAP/S |p MAL001283 |r 2017-04-01 |t 1 |w 2017-04-01 |y BK | ||